La cultura italiana en Miguel de Unamuno

Guardat en:
Dades bibliogràfiques
Autor principal: González Martín, Vicente
Format: Llibre
Idioma:Undetermined
Publicat: España Ediciones Universidadde Salamanca 1978
Matèries:
Etiquetes: Afegir etiqueta
Sense etiquetes, Sigues el primer a etiquetar aquest registre!

MARC

LEADER 00000nam a2200000Ia 4500
008 170316s9999 xx 000 0 und d
999 |c 8147  |d 8147 
040 |a cru BVZT 
090 |a 850 G-4c 
100 |a González Martín, Vicente 
245 |a La cultura italiana en Miguel de Unamuno  |c / Vicente González Martín 
260 |a España  |b Ediciones Universidadde Salamanca  |c 1978 
300 |a 362 páginas 
650 |a LITERATURA ITALIANA  |9 212 
942 |c 15 D  |h 850 G-4c  |2 z